Varování: E-mail je největší zabiják vašeho času

Veľa manažérov pracuje aj vo voľnom čase. Najviac sa sťažujú na množstvo e-mailov, ktoré nestíhajú vybaviť. Pomôcť si môžu sami - stačí zmeniť organizáciu práce a naučiť sa pár nových techník a postupov. Ako získať hodinu času naviac a predísť vyhoreniu z práce.

Gespeichert in:
Bibliographische Detailangaben
1. Verfasser: Šarbort, Pavel
Format: Buchkapitel
Sprache:Tschechisch
Schlagworte:
Tags: Tag hinzufügen
Keine Tags, Fügen Sie das erste Tag hinzu!

MARC

LEADER 00000naa a2200000 4500
001 0238679
005 20180111111732.8
041 0 |a cze 
044 |a CZ 
245 1 0 |a Varování: E-mail je největší zabiják vašeho času  |c Pavel Šarbort 
520 |a Veľa manažérov pracuje aj vo voľnom čase. Najviac sa sťažujú na množstvo e-mailov, ktoré nestíhajú vybaviť. Pomôcť si môžu sami - stačí zmeniť organizáciu práce a naučiť sa pár nových techník a postupov. Ako získať hodinu času naviac a predísť vyhoreniu z práce. 
610 2 0 |a manažéri 
610 2 0 |a práca 
610 2 0 |a riadenie času 
610 2 0 |a organizácia práce 
610 2 0 |a pošta elektronická 
610 2 0 |a aplikácie mobilné 
100 1 |a Šarbort, Pavel